000 00571nam a22002057a 4500
005 20250704154255.0
010 _aENG-145677
020 _c399.00
_a9789355432179
035 _aEN-129209
037 _bDBAD
082 _a921
100 _aKeating, Brian
_982625
245 _aInto The Impossible
_cBrian Keating
250 _a1
260 _aBhopal
_bManjul Publishing House Pvt. Ltd.
_c2022
270 _bBhopal
_aC-16, Sector-3, Noida, Uttar Pradesh
_e462003
300 _a175 p.
_c21.5 cm(pb)
700 _982599
942 _2ddc
_cEN
_h921
_mKEA
999 _c212118
_d212118